000 00637cam a22002293a 4500
001 30769
003 PGUSA
005 20140828083651.0
008 091227s2009||||xxu|||||s|||||000 | eng d
040 _aPGUSA
_beng
042 _adc
050 4 _aBX
245 1 4 _aThe Baptist Magazine, Vol. 27, January, 1835
_h[electronic resource] /
_cVarious
260 _bProject Gutenberg,
_c2009
506 _aPublic domain in the USA.
516 _aElectronic text
653 _aBaptists -- Periodicals
700 1 _aWightman, George
830 0 _aProject Gutenberg
_v30769
856 4 0 _uhttp://www.gutenberg.org/ebooks/30769
942 _cEB
999 _c260024
_d260024